Normal view MARC view

Entry Personal Name

Number of records used in: 1

001 - CONTROL NUMBER

  • control field: 1181056

003 - CONTROL NUMBER IDENTIFIER

  • control field: OSt

005 - DATE AND TIME OF LATEST TRANSACTION

  • control field: 20260324130239.0

008 - FIXED-LENGTH DATA ELEMENTS

  • fixed length control field: 260324|| aca||aabn | a|a d

040 ## - CATALOGING SOURCE

  • Original cataloging agency: OSt
  • Transcribing agency: OSt

100 ## - HEADING--PERSONAL NAME

  • Personal name: Mazhar Al-Zo'by; Khaldoun Samman

670 ## - SOURCE DATA FOUND

  • Source citation: Work cat.: (OSt)1777069: Mazhar Al-Zo'by; Khaldoun Samman, Islam and the Orientalist World-system
Copyright @ Delhi University Library System